[Event "Sonsbeek SNS"]
[Site "Arnhem"]
[Date "1999.05.07"]
[Round "5"]
[White "Xie, Jun"]
[Black "Kortschnoj, Viktor Lvovich"]
[Result "1-0"]
[WhiteElo "2532"]
[BlackElo "2673"]
[Annotator "Psakhis,L"]
[PlyCount "73"]
[EventDate "1999.05.??"]
[EventType "tourn"]
[EventRounds "6"]
[EventCountry "NED"]
[EventCategory "14"]
[SourceTitle "CBM 071"]
[Source "ChessBase"]
[SourceDate "1999.08.01"]
[SourceVersion "1"]
[SourceVersionDate "1999.08.01"]
[SourceQuality "1"]

1. e4 e6 2. d4 d5 3. Nd2 c5 4. exd5 exd5 5. Ngf3 Nf6 6. Bb5+ Bd7 7. Bxd7+ Nbxd7
8. O-O Be7 9. dxc5 Nxc5 10. Nb3 Nce4 11. Be3 {Rather rare and quite harmless
move, ussualy white played} (11. Nfd4 {[%cal Gd4f5]}) 11... O-O 12. Nbd4 {N/} (
12. c3 Re8 13. Bd4 Bd6 14. Re1 Qc7 15. h3 a6 16. Bxf6 Nxf6 17. Nbd4 Ne4 18. Qb3
Rad8 19. Rad1 Bc5 20. Re2 Ba7 21. Rde1 Rf8 22. Qd1 Bb8 23. Qb3 g6 $11 {1/2-1/2
Nokso Koivisto,A-Tuominen,R/Turku 1998 (84)}) (12. Bd4 Qc7 13. c3 b5 14. Bxf6
Nxf6 15. Nbd4 b4 (15... a6 $5) 16. cxb4 Bxb4 17. Rc1 Qd7 18. Ne5 Qd6 19. Nec6
$36 {1-0 Sulskis,S-Kaminski,M/Cappelle le Grande op 1998 (56)}) (12. Qd3 Re8 (
12... Qc7 13. Rfd1 Rfd8 14. Bd4 Bd6 15. c3 Re8 16. Re1 a6 17. Bxf6 Nxf6 18. g3
Re4 $11 {0-1 Marinkovic,I-Vaganian,R/BL 1991 (57)}) 13. Rad1 Qc7 14. c3 a6 15.
Nbd4 Bc5 16. h3 Rad8 17. Rfe1 Nh5 18. Qc2 g6 19. Qc1 Bd6 20. Ne2 Rd7 $13 {
1/2-1/2 Adams,M-Kortchnoi,V/Monaco 1992 (71)}) 12... Ng4 13. Nf5 (13. Bf4 Bc5)
13... Bf6 ({I am not sure that black could get real problems after} 13... Nxe3
14. Nxe3 Nf6 15. Qd4 (15. Qd3 Bc5) 15... Qa5 {but Kortchnoi avoids unnecessary
simplications.}) 14. Bd4 g6 15. Bxf6 Qxf6 16. N5d4 Qb6 $11 17. Rb1 Rfe8 18. c3
Rad8 19. h3 Ngf6 {[%csl Gb6,Ge4,Ge8] Black pieces are active, white can,t
organised real preasure on the isolated pawn, game is compleatly equal.} 20.
Qb3 Qc7 21. Rbd1 a6 22. Ne1 g5 $6 {It is very difficult to try to comment this
move from pure chess point of view. I am sure that Kortchnoi undersood that
this move just can,t be good, but with normal continuation black chances for
win are minimal and he hopes to start complications, but ....} 23. Nd3 g4 24.
h4 $1 Kh8 (24... g3 25. fxg3 Qxg3 26. Nf5 {[%csl Gf5]}) 25. Qc2 {[%cal Gc2c1,
Gc1f4]} Nh5 26. Qc1 {[%cal Rc1h6]} Qd6 (26... Qe7 $5 27. g3 (27. Qh6 Qxh4 28.
Nf4 Re5 (28... Qf6 $5)) 27... Qd6 {[%cal Rh5g3]}) 27. Rde1 Rg8 (27... g3 28. f3
$1) 28. Qe3 Qf6 29. g3 $16 Rde8 30. Nb3 Nexg3 $2 {[%mdl 8192] Final mistake,
after} (30... Qd6 $5 {white advantage is obvious, but move in the game lose
immediately.}) 31. Qxe8 $1 Rxe8 (31... Nxf1 32. Qe5 $1 {Maybe Kortchnoi missed
this move ?} Qxe5 33. Nxe5 $18) 32. Rxe8+ Kg7 33. fxg3 Qd6 34. Ne5 f6 35. Nd4
$1 $18 Qb6 36. Nxg4 Qxb2 37. Rfe1 1-0

[Event "Corus-B"]
[Site "Wijk aan Zee"]
[Date "2005.01.28"]
[Round "11"]
[White "Carlsen, Magnus"]
[Black "Nikolic, Predrag"]
[Result "1-0"]
[WhiteElo "2553"]
[BlackElo "2676"]
[Annotator "Psakhis,L"]
[PlyCount "43"]
[EventDate "2005.01.15"]
[EventType "tourn"]
[EventRounds "13"]
[EventCountry "NED"]
[EventCategory "13"]
[SourceTitle "CBM 105"]
[Source "ChessBase"]
[SourceDate "2005.04.11"]
[SourceVersion "1"]
[SourceVersionDate "2005.04.11"]
[SourceQuality "1"]

1. e4 e6 2. d4 d5 3. Nd2 c5 4. exd5 exd5 5. Ngf3 c4 6. b3 cxb3 7. axb3 (7. Bb5+
Bd7 8. Qe2+ Qe7 9. Bxd7+ Nxd7 10. axb3 Nh6 (10... f6 11. Nf1 Qxe2+ 12. Kxe2 Bd6
13. Ne3 Ne7 14. Ba3 Bxa3 15. Rxa3 Kf7 16. Ne1 Nf8 17. Nd3 Ne6 18. c3 Rhd8 19.
Kd2 Nc6 20. Rd1 Rac8 {1/2-1/2 Adams,M-Nikolic,P/BIH t-ch Neum 2002/}) 11. Ra5
Nb6 12. Nf1 Qxe2+ 13. Kxe2 Nf5 14. c4 f6 15. c5 Nc8 16. Ne3 Nxe3 17. fxe3 a6
18. Kd3 Na7 19. Bd2 g6 20. Ng1 Nb5 21. Ne2 Kd7 {1/2-1/2 Beliavsky,A-Nikolic,P/
Belgrade INV 1991/ChessBase (40)}) 7... Bb4 8. Ne5 $5 (8. Bd3 Ne7 9. O-O Nbc6
10. Ba3 O-O 11. Qc1 Bxa3 12. Qxa3 Bf5 13. Bxf5 Nxf5 14. c3 a5 15. Rfe1 Qd6 16.
Qa4 f6 17. Qb5 Qd7 18. Nf1 Rfd8 19. Qd3 Nd6 20. Ne3 Qf7 21. Nh4 Rac8 22. Re2 b5
{0-1 Nevostrujev,V-Andreev,A/RUS-sf Novosibirsk 2002/ (60)}) (8. Bb5+ Bd7 9.
Qe2+ Qe7 (9... Ne7 10. O-O O-O 11. Ba3 Bxa3 12. Rxa3 Bxb5 13. Qxb5 Qc7 14. Re1
Qxc2 15. Qxb7 Nbc6 16. Raa1 Rab8 17. Qc7 Rfc8 18. Qf4 h6 19. h3 Ng6 20. Qg4 Nb4
21. Rxa7 Nd3 22. Rf1 Ndf4 {1/2-1/2 Korneev,O-Garcia Martinez,S/Mislata op 1999/
(49)}) 10. Ne5 Nf6 11. O-O O-O 12. Bd3 Nc6 {1/2-1/2 Sarakauskas,G-Alekseev,V/
Pelaro op 2002/}) 8... Ne7 (8... Nf6 9. Bd3 O-O 10. O-O Bc3 11. Ra4 Bd7 12.
Nxd7 Nbxd7 13. Nb1 Ba5 14. Bd2 Bc7 15. Nc3 Re8 16. Qf3 Nb6 17. Raa1 h6 18. Rae1
Qd6 19. g3 a6 20. Re3 Qc6 21. Rfe1 Bd6 22. Nd1 Rxe3 23. Nxe3 {Svidler,
P-Kortchnoi,V/Groningen 1996/ 1-0 (39)}) 9. Bd3 $146 (9. c3 Bxc3 10. Qf3 Bxd2+
11. Bxd2 O-O 12. Bd3 Nbc6 13. Ra4 Ng6 14. Nxc6 bxc6 15. O-O Bd7 16. Ra6 Qh4 17.
Be3 Rfb8 18. Rb1 Rb6 19. Ra5 Bg4 20. Qg3 Qxg3 21. hxg3 Ne7 22. Rb2 f6 {1/2-1/2
Bondarets,V-Hryhorenko,N/Lvov-8 2003/}) 9... Nbc6 10. O-O {[%mdl 512] Showing
a clear intention to sacrifice the pawn d4 if necessary.} (10. Bb2 $5) 10...
Bc3 {[%cal Gc3a1,Gc3d4] This tempting move wins a pawn at the cost of
development.} ({Worth considering} 10... O-O 11. Bb2 $14) 11. Ra4 $1 Bxd4 (
11... Nxe5 $5 12. dxe5 Bd7 (12... Bxe5 13. Qh5 Bf6 14. Re1 $44 {[%csl Gh5]
[%cal Ge1e8]}) 13. Ra2 Nc6 14. Ba3 $14) 12. Nxc6 Nxc6 13. Ba3 $1 {[%csl Ga3,
Re8][%cal Ga3f8]} Be6 14. Nf3 Bb6 $6 (14... Bf6 $142 15. Re1 Be7 16. Bxe7 Qxe7
17. Rh4 $44 {but it was lesser evil.}) 15. Qa1 $1 {[%cal Ra1g7] Immediately
begins an offensive against Black's king.} Qc7 (15... f6 16. Re1 Kf7 17. Rf4
$40) 16. b4 $5 (16. Qxg7 O-O-O {[%cal Cd3h7,Gh8g8]} 17. Qf6 $36) 16... f6 $2 (
16... O-O $5 17. b5 Ne7 18. Re1 $44) 17. Re1 Kf7 $5 (17... Nd8 18. b5 Kf7 19.
Qd1 $40 {[%csl Rf7]} (19. Bb2 $5)) ({Good or bad, but Black had to play} 17...
Ne5 $142 $5 {otherwise White will attack in a very comfortable situation.
Continuation could be :} 18. Nxe5 fxe5 19. b5 $5 (19. Qxe5 Qxe5 20. Rxe5 Kd7
21. b5 $36) (19. Rxe5 O-O $1 20. Rxe6 $140 Bxf2+ 21. Kh1 Qd7 {[%cal Rd7a4,
Rd7e6]}) 19... Qf7 (19... d4 20. f4) 20. Re2 (20. Rxe5 Bxf2+ 21. Kh1 O-O-O 22.
Bb2 $36 {[%cal Gb2d4]}) 20... Qf6 21. Qxe5 Qxe5 22. Rxe5 {with clear advantage
of white, but at least black king doesn't afraid of direct attack.}) 18. b5 Na5
(18... Nd8 $5) 19. Qd1 $1 $18 {[%cal Rf3g5]} (19. Nd4 Bxd4 20. Qxd4 $40) 19...
Rae8 (19... Nc4 20. Bf5 $1 Ne5 21. Bxe6+ Kxe6 22. Nxe5 fxe5 23. Qg4+ $18) (
19... g6 20. Ng5+ $1 fxg5 21. Qf3+ Kg7 22. Rxe6 Rhf8 $5 (22... Rhe8 23. Qf6+
Kg8 24. Bxg6 $1 $18) 23. Bxf8+ Rxf8 24. Qxd5 Rxf2 25. Kh1 $18) 20. Ng5+ $1 {
This heavy blow is a signal to the decisive assault.} fxg5 21. Qf3+ Kg8 22.
Rxe6 {The rook is untouchable in view of the mating threat} 1-0

[Event "Bundesliga 0405"]
[Site "Germany"]
[Date "2005.01.29"]
[Round "8.5"]
[White "Werle, Jan"]
[Black "Gurevich, Mikhail"]
[Result "0-1"]
[WhiteElo "2457"]
[BlackElo "2644"]
[Annotator "Psakhis,L"]
[PlyCount "112"]
[EventDate "2004.11.12"]
[EventType "team-tourn"]
[EventRounds "15"]
[EventCountry "GER"]
[SourceTitle "CBM 106"]
[Source "ChessBase"]
[SourceDate "2005.06.06"]
[SourceVersion "1"]
[SourceVersionDate "2005.06.06"]
[SourceQuality "1"]
[WhiteTeam "Solingen"]
[BlackTeam "Porz"]
[WhiteTeamCountry "GER"]
[BlackTeamCountry "GER"]

1. e4 e6 2. d4 d5 3. Nd2 c5 4. exd5 exd5 5. Bb5+ Bd7 6. Qe2+ Be7 7. dxc5 Nf6 8.
Nb3 O-O 9. Be3 a6 10. Bd3 Re8 11. Nf3 Ba4 12. Nfd4 Nbd7 13. O-O-O Bxb3 (13...
Nxc5 14. Nf5 (14. Nxc5 Bxc5 15. Qf3 Qb6 16. Nf5 Bxe3+ 17. Nxe3 Bb5 18. Bxb5
axb5 19. Nxd5 Nxd5 20. Qxd5 Red8 21. Qb3 Qxf2 22. Rdf1 Qd2+ {0-1 Rublevsky,
S-Gurevich,M/Frankfurt Ordix op 2000/ (53)}) 14... Nxd3+ 15. Qxd3 Bf8 16. Bg5
h6 17. Bh4 g5 18. Bg3 Bb5 19. Qd4 Re4 20. Qd2 Re2 21. Qd4 Re4 22. Qd2 Re2 23.
Qd4 {1/2-1/2 Rublevsky,S-Bareev,E/Frankfurt Masters 2000/}) 14. Nxb3 a5 {
This is an interesting way for Black to avoid the complexities of the line} (
14... Nxc5 15. Qf3 Nxb3+ (15... Qc7 16. Bd4 Nfe4 17. Nxc5 Bxc5 18. Bxe4 dxe4
19. Qe3 Bf8 20. Rd2 b5 21. h4 f5 22. Qb3+ Qf7 23. Be3 Red8 24. Rhd1 Be7 25. Bg5
Qxb3 26. axb3 Bxg5 27. hxg5 Rxd2 28. Rxd2 Kf7 29. Rd6 {Lintchevski,D-Rodshtein,
M/Kirishi Young Stars of the World 2004/0-1 (56)}) (15... Nxd3+ 16. Rxd3 a5 17.
Nd4 a4 18. a3 (18. Nf5 a3 19. Nxe7+ Qxe7 20. b3 Ne4 21. Bd4 Ra6 $10) 18... Nd7
$5 {Selbst diese Idee ist nicht neu; Dolmatov hat so gespielt, aber ohne die
Züge a4 und a3. Zapata konnte dann Rb3 spielen. Obwohl ich auf den Zug sehr
stolz war, ist vielleicht 18...Ne4 besser.} 19. Bf4 $1 {Verhindert Nd7-e5-c4
mit Druck auf b2.} (19. Qxd5 $2 Nc5 $17) 19... Nc5 (19... Bf6 $2 20. Nb5 Ne5
21. Bxe5 Rxe5 22. Rhd1 $16) 20. Re3 Bf6 {Das Bauernopfer brachte ich ungern,
aber wie sonst weiter?} 21. Rxe8+ Qxe8 {0-1 Hennigan,M-Knaak,R/BL 1996/
ChessBase/[Knaak] (40)}) 16. axb3 Qa5 (16... Bd6 $5 17. Bg5 Be5 18. Kb1 h6 19.
Bxf6 {1/2-1/2 Ljubojevic,L-Kortchnoi,V/Buenos Aires 1979 (19)}) 17. Kb1 Bc5 18.
Bxc5 ({Black's tasks are even easier after} 18. Bg5 Ne4 $1 {for example} 19.
Bxe4 dxe4 20. Qf5 g6 21. Qd5 Qb5 22. Bh4 Re6 23. c3 Qb6 24. Rhf1 Rae8 25. b4
Bf8 {1/2-1/2 Rublevsky,S-Psakhis,L/Istanbul olm 2000/ (25)}) 18... Qxc5 19. Qf4
$146 {This is a new try, but I think, that Black has nothing to fear here} (19.
Rhe1 Qb4 20. Rxe8+ Rxe8 21. h3 a5 22. g4 h6 23. Bf5 a4 24. Qc3 Qxc3 25. bxc3
axb3 26. cxb3 Re2 $11 {1/2-1/2 Arzumanian,G-Lastin,A/RUS-Cup Tula 2001/ (41)})
19... Ne4 $6 ({Worth a consideration is:} 19... a5 $142 20. Rhe1 b5 $11 {
[%cal Gb5b4] with complicated and double-edged play.}) 20. Rhe1 $1 Rac8 (20...
Nxf2 21. Rxe8+ Rxe8 22. Rf1 $18) 21. Re2 $36 {1-0 Akopian,V-Bauer,C/Enghien
les Bains 2001/CBM 83/[Psakhis] (40) /\ and the game steers into more placid
channels.}) 15. a4 Nxc5 16. Bxc5 $6 $146 {This move appears to be a novelty,
but I doubt whether it is better than} (16. Bb5 {which was previously tried in
this position. A continuation could be} Nxb3+ 17. cxb3 Qc7+ 18. Kb1 Red8 19.
Bd4 Ne4 20. f3 Nc5 21. Be5 Bd6 22. Rxd5 Bxe5 23. Qxe5 Qxe5 24. Rxe5 Nxb3 25.
Ka2 Nd4 26. Rc1 Rab8 27. Rc7 Ne6 28. Rd7 Rdc8 29. Rf5 f6 30. Rd6 Nc5 {
Rublevsky,S-Bareev,E/Polanica Zdroj 1997/1/2-1/2 (37)}) 16... Bxc5 17. Qf3 Bb6
{[%csl Gb6] White has got nothing from the opening: Black's pieces are well
developed and coordinated.} 18. Kb1 (18. Rhe1 Rxe1 19. Rxe1 Qd6 {[%cal Gd6h2]}
20. h3 Qb4 $36) (18. g3 $5) 18... Qd6 {[%cal Gd6b4]} 19. Bb5 {A dubious
decision, which leads to initiative for Black.} (19. c3 $5 $11) 19... Re4 20.
Rd2 $2 (20. g3 $142) 20... Rf4 $1 $17 21. Qd1 $8 (21. Qg3 Ne4 $1 22. Rxd5 Qf6
$19) 21... Rxf2 22. Rxf2 Bxf2 23. Nd4 $5 {[%cal Gd4f3,Gd4f5]} Qf4 24. Nf3 Rd8
25. Qe2 (25. Qd2 $5) 25... Qe3 26. Qd1 (26. Qxe3 Bxe3 27. Re1 {with some
chances for survival}) 26... Qf4 27. g3 Qd6 28. Rf1 Bb6 29. Nh4 {[%cal Gh4f5]}
g6 $1 30. Qf3 Bd4 31. Ng2 Be5 32. Ka2 Qe7 (32... Rc8 $142 33. c3 (33. Kb1 Qb4
$19) 33... d4 $1) 33. Nf4 Bxf4 $5 34. Qxf4 Ne4 {[%csl Ge4][%cal Gd8d6,Gd6f6]}
35. c3 Rd6 36. Qe3 Re6 37. Qd4 (37. Rd1 $5) 37... Qc5 38. Rd1 Qxd4 39. Rxd4 Re5
{[%mdl 4096]} 40. Bd3 ({The lesser evil for White was} 40. c4 $5 dxc4 (40...
Nf6 41. b4 $5 axb4 42. Kb3 {[%csl Gb3]}) 41. Bxc4 Kf8 42. Rd7 Re7 43. Rd8+ Kg7
44. b4 $5 $17) 40... Nc5 41. Bb5 Ne4 42. Ka3 {Werle prefers to sit and wait
while Black strengthens his position.} ({Worth considering was} 42. c4 $5)
42... Kf8 43. b4 {[%csl Rc3]} b6 $1 44. Kb3 Ke7 45. c4 (45. Bc6 Nf6) 45...
dxc4+ 46. Bxc4 Nd6 (46... f5 $5) 47. Bd3 Rh5 48. h4 Re5 49. g4 h6 $5 {[%cal
Gg6g5]} 50. Kc3 Ke6 51. bxa5 (51. Bc4+ Nxc4 52. Rxc4 Re3+ 53. Kd2 Kd5 $1) 51...
bxa5 52. Kd2 ({White could have offered a tougher resistance after} 52. Bc4+ $5
Ke7 $5 $17 (52... Nxc4 53. Rxc4 Re3+ 54. Kd2 Kd5 55. Rf4 Re4 56. Rxf7 Rxg4 57.
h5 $1)) 52... Rc5 {[%cal Ge6e5]} 53. Rf4 Ke5 54. Rf1 Rd5 $19 55. Kc3 Rd4 56.
Re1+ Ne4+ 0-1

[Event "Olympiad-33"]
[Site "Elista"]
[Date "1998.10.04"]
[Round "6.1"]
[White "Rozentalis, Eduardas"]
[Black "Bareev, Evgeny"]
[Result "0-1"]
[WhiteElo "2575"]
[BlackElo "2690"]
[Annotator "Psakhis,L"]
[PlyCount "80"]
[EventDate "1998.09.29"]
[EventType "team-swiss"]
[EventRounds "13"]
[EventCountry "RUS"]
[SourceTitle "CBM 068"]
[Source "ChessBase"]
[SourceDate "1999.02.01"]
[SourceVersion "1"]
[SourceVersionDate "1999.02.01"]
[SourceQuality "1"]
[WhiteTeam "Lithuania"]
[BlackTeam "Russia"]
[WhiteTeamCountry "LTU"]
[BlackTeamCountry "RUS"]

1. e4 e6 2. d4 d5 3. Nd2 c5 4. Ngf3 Nf6 5. exd5 exd5 6. Bb5+ Bd7 7. Bxd7+ Nbxd7
8. O-O Be7 9. dxc5 Nxc5 10. Re1 {[%cal Gd2f1] Eduard Rozentalis always
preferes this move to} (10. Nb3 {with possible continuation} Nce4 11. Nfd4 Qd7
12. Qf3 O-O $13) 10... O-O 11. Nf1 Re8 12. Be3 a5 {Bareev tryed many moves in
this position, one year ago against same opponent he played} (12... Qd7 {
but White seized initiative after} 13. Re2 b5 14. c3 Nce4 15. Ne5 Qb7 16. Nd3
a5 17. Bd4 b4 18. cxb4 axb4 19. Qb3 Bf8 20. Ne3 Qa6 21. Rc2 $14 {1/2-1/2
Rozentalis,E-Bareev,E/Kazan}) (12... Nce4 13. Bd4 Qc7 14. Ne3 Rad8 15. c3 Bc5
16. Bxc5 Nxc5 17. Qc2 {1/2-1/2 Iuldachev,S-Psakhis,L/Elista ol 1998 (17)}) 13.
Re2 {N/ New move, before White choose} (13. Bd4 Ne6 14. Be5 Bc5 15. Ne3 Ne4 16.
Re2 N6g5 $1 17. Qxd5 $6 Bxe3 18. Qxd8 Bxf2+ 19. Kf1 Raxd8 20. Bf4 h6 $17 {
0-1 Kostenko-Dizdar,G/World t-ch Luzern 1997 (49)}) ({or} 13. Qe2 Qd7 14. Nd4
a4 15. a3 Nce4 16. Qb5 Qc7 17. Rad1 Nd6 18. Qd3 Nc4 19. Bc1 Bc5 $36 {1/2-1/2
Gurevich,I-Bareev,E/Hastings A 1993 (46), but without big success-black got
better chances in both cases.}) 13... b5 14. Bd4 Ne6 15. Be5 Ng4 (15... Bc5 16.
Qd3 $5 (16. Ne3 b4 17. Bxf6 Qxf6 18. Nxd5 Qxb2 19. c4 Qa3 $13)) 16. Bg3 b4 {
[%csl Rb2][%cal Ge7f6]} 17. Rxe6 $2 {Surely, not forced sacrificed, after
simple} (17. h3 $142 $5 Nf6 18. Ne3 {white has nothing to worry.}) 17... fxe6
18. Nd4 {[%cal Rd4e6,Rd1g4]} Bf6 {Interesting move, but looks that stronger
then move in the text was} (18... e5 $5 19. Nf5 Nf6 20. Bxe5 Bf8 $17) 19. Qxg4
h5 $1 20. Qd1 (20. Qxh5 Bxd4) 20... h4 21. Bf4 e5 22. Be3 (22. Bxe5 $5 Bxe5 23.
Ne3) 22... exd4 23. Bxd4 Bxd4 24. Qxd4 Qg5 $15 {Black keeps little material
advantage, but it is not easy to transform it to the victory.} 25. Qd3 (25. Nd2
h3 26. g3 Qe5 27. Nf3 Qe4) 25... Qe5 $1 {[%csl Rb2]} 26. a3 Qe4 (26... Qxb2 $6
27. Qxd5+) 27. Qd1 {White will not have to many chances for survival in ending.
} Rac8 28. axb4 Rxc2 $6 {Gives to white additional chances, clearly stronger
was} (28... axb4 $1 29. Rc1 $17 (29. Ra7 $2 Rxc2 30. Qh5 Rf8 31. Qg5 Qd4 $19))
29. bxa5 Qf5 30. Qd4 (30. Nd2 $142 h3 (30... Rxb2 31. a6 Qd3 32. Nf1) 31. Nf3
$17 (31. a6 $2 Qg5 $19) (31. g3 Rxd2 $1 32. Qxd2 Qf3 $19) 31... Ree2 $140 $2
32. a6 Rxf2 33. a7 Rxg2+ 34. Kh1) 30... Re4 31. Qb6 d4 $6 (31... Ree2 32. Qd8+
Kf7 33. Qxh4 Qxf2+ 34. Qxf2+ Rxf2 35. a6 $1 $18) (31... Kh7 $1 32. a6 $140 d4
33. f3 Rxg2+ $1 34. Kxg2 Re2+ 35. Kg1 Qg5+ 36. Ng3 Qe3+ $19) 32. Qb3+ Re6 33.
f3 Kh7 {[%cal Re6g6,Re6e2]} 34. Rd1 (34. g4 $5 $17) 34... Ree2 35. Rxd4 (35.
Qd3 Qxd3 36. Rxd3 Rxg2+ 37. Kh1 Rg5 $5 38. Rxd4 $140 Rc1 39. Rxh4+ Kg8 $19)
35... Rxg2+ 36. Kh1 Qh3 37. Qd3+ Kh6 $1 {Bareev avoids last trap, after} (37...
g6 $2 38. Rd7+ Kh6 39. Qe3+ Rg5 {white can make draw -} 40. Rh7+ $1 Kxh7 41.
Qe7+ Kh6 42. Qf8+ $11) 38. Qe3+ (38. Rd6+ g6 39. Qe3+ Rg5 40. Rxg6+ $8 Kxg6 41.
Qe8+ Kf6 42. Qf8+ Ke6 43. Qe8+ Kd6 44. Qd8+ Kc6 45. Qa8+ (45. Qf6+ Kb7 46. Qb6+
Kc8 47. Qa6+ Kd7 48. Qd3+ Ke6 49. Qb3+ Kf6 50. Qb6+ Kg7 $19) 45... Kb5 (45...
Kd7 $19) 46. Qb8+ Ka4 $19) 38... Rg5 39. Rd6+ Kh7 40. Qd3+ Rf5 0-1

[Event "Morso"]
[Site "Morso"]
[Date "2002.02.10"]
[Round "2"]
[White "Prusikin, Michael"]
[Black "Miezis, Normunds"]
[Result "0-1"]
[WhiteElo "2519"]
[BlackElo "2498"]
[Annotator "Psakhis,L"]
[PlyCount "74"]
[EventDate "2002.02.09"]
[EventType "tourn"]
[EventRounds "9"]
[EventCountry "DEN"]
[EventCategory "10"]
[SourceTitle "CBM 088"]
[Source "ChessBase"]
[SourceDate "2002.03.21"]
[SourceVersion "1"]
[SourceVersionDate "2002.03.21"]
[SourceQuality "1"]

1. d4 e6 2. e4 d5 3. Nd2 c5 4. exd5 exd5 5. Ngf3 Nc6 6. Bb5 Bd6 7. dxc5 Bxc5 8.
O-O Nf6 {Rare and not very strong move, but Latvian GM has his own opinion
about this line.} 9. Re1+ Be6 10. Nb3 Bb6 ({Black can't equalize after} 10...
Qb6 11. Nxc5 Qxc5 {for example} 12. Nd4 O-O 13. Bxc6 bxc6 14. Rxe6 fxe6 15.
Nxe6 Qb4 16. Nxf8 Rxf8 17. Be3 c5 18. c3 $16 {1-0 Euwe,M-Broadbent,R/London
ENG-NED 1948 (42)}) 11. Nbd4 {[%cal Ge1e8]} O-O {Almost forced pawn sacrifice,
because White will have too easy and nice game after} (11... Ne4 12. Be3 Qc7
13. Nxe6 fxe6 14. Bd3 Bxe3 15. Rxe3 Nc5 16. Ng5 O-O-O 17. Nxe6 Nxe6 18. Bf5 $16
{1/2-1/2 Donev,I-Svec,J/Trinec 1990 (33)}) 12. Bxc6 bxc6 13. Nxc6 Qd6 14. Nce5
Ng4 $146 (14... Bg4 15. Be3 Bxf3 16. Nxf3 Ng4 17. Bxb6 axb6 18. Qd4 Qg6 19. c3
$18 {Batceceg-Shabani/Moscow olw 1994/1-0 (40)}) 15. Nxg4 Bxg4 16. Qd3 Rae8 {
It is time to sum results of opening.White won pawn, but Black got couple of
strong bishops and some advantage in development.I am not sure that Black has
enough compensation for the pawn, but White must play very carefully.} 17. Bd2
(17. Be3 $2 Bc7 $36 (17... Bxf3 18. gxf3 (18. Bxb6 $2 Be4) 18... d4 $44)) 17...
Bh5 (17... Bc7 18. g3 Qf6 19. Nd4 $14) 18. Rxe8 ({Worth considering} 18. Bc3 $5
Bg6 19. Qd2 {[%cal Gc3b4]}) 18... Rxe8 19. Re1 Rxe1+ 20. Bxe1 ({I would prefer
} 20. Nxe1 $142 $14) 20... h6 21. Bc3 Bg6 $44 {[%csl Gb6,Gg6]} 22. Qd2 Be4 23.
Bd4 $2 ({Still} 23. Ne1 $1 {looks not so bad}) 23... Bxf3 24. gxf3 Bc7 ({
Black could choose} 24... Bxd4 25. Qxd4 Qg6+ 26. Kf1 Qa6+ 27. Ke1 Qxa2 $15 {
but Miezis preferes more complicated line.}) 25. Kf1 (25. f4 Qg6+ 26. Kf1 Qe4)
25... Qxh2 26. Bxa7 $132 {[%csl Ga2,Gh6]} Qh3+ 27. Ke2 Qe6+ 28. Be3 (28. Kd1
Qa6) 28... h5 ({For some reasons Black doesn't want to spend time for} 28...
Qa6+ $5 29. Qd3 Qxa2) 29. Qd4 (29. Qb4 $5 $13) 29... Be5 30. Qb6 Qd7 (30... Qc8
31. Kd2 h4) 31. c3 h4 32. Kf1 ({After} 32. f4 {but} Bf6 $1 {[%csl Gh4] keeps
tension} (32... h3 {leads just to draw -} 33. fxe5 Qg4+ (33... h2 34. Qb8+ Kh7
35. e6 $1) 34. Kd2 h2 35. Qd8+ Kh7 36. Qxd5 Qg1 37. Qe4+ $11)) 32... h3 33. f4
$2 {[%mdl 16384] Decisive mistake} ({White position looks quite dangerous, but
he still could keep balance after} 33. Kg1 $1 Kh7 34. Qb4 $1 Qf5 35. Qh4+ Kg8
36. Qd8+ $11) 33... Bf6 34. Qb3 Qc6 {[%cal Gd5d4]} (34... d4 $1 35. cxd4 Qg4
$19 {wins as well}) 35. Bd4 Bxd4 36. cxd4 Qc1+ 37. Ke2 h2 0-1